Running the Show lyrics (Caine's song) - Statistics

General Stats
  • This quiz has been taken 16 times
  • The average score is 170 of 197
Answer Stats
Answer % Correct
A
100%
Go
100%
I-
100%
I
100%
Is
100%
My
100%
The
100%
To
100%
We
100%
Who
100%
Ain't
88%
All
88%
Am
88%
And
88%
Answers
88%
Are
88%
Bite
88%
But
88%
Could
88%
Degree
88%
Divinity
88%
Don't
88%
End
88%
Feeds
88%
Friends!
88%
Getting
88%
Getting?
88%
Got
88%
Great
88%
Hand
88%
Has
88%
If
88%
In
88%
Infinity
88%
It
88%
It's
88%
Kidding?
88%
Me
88%
Me,
88%
Mouth!
88%
Need
88%
News
88%
No
88%
Of
88%
On
88%
On,
88%
Only
88%
Our
88%
Past
88%
Plummeted
88%
Regime
88%
Run
88%
Running
88%
Scream
88%
See
88%
Seems
88%
SHAME!
88%
Show!
88%
So
88%
South
88%
That
88%
This
88%
This!
88%
Through?
88%
Time
88%
What
88%
WHAT
88%
When
88%
Where
88%
Which
88%
Why
88%
You
88%
Your
88%
You're
88%
Absolute
75%
At
75%
Be
75%
Because
75%
Best,
75%
Blind
75%
Bliss!
75%
Brains
75%
Caine,
75%
'Cause
75%
Chin
75%
Cleanse!
75%
Close
75%
Congratulations,
75%
Enthused?
75%
Ever
75%
Feeling
75%
Forget
75%
Games
75%
GODDAMN
75%
Gonna
75%
Host,
75%
How
75%
Ignore
75%
I'm
75%
Just
75%
Look
75%
Name-
75%
Not
75%
Now
75%
Nowhere
75%
Oh,
75%
OH,
75%
One
75%
Pains
75%
Place
75%
Play
75%
Prime
75%
Public
75%
Put
75%
Quitting!
75%
Relations
75%
Remains
75%
Shock!
75%
Strap
75%
Sunday
75%
Take
75%
Too
75%
Used?
75%
Walk!
75%
Watch
75%
Whine
75%
Who's
75%
YEAH!
75%
Marquee
63%
No matching quizzes found
Score Distribution
Percent of People with Each Score
Percentile by Number Answered
Your Score History
You have not taken this quiz